000 00587nam a22001817a 4500
005 20251108173626.0
008 250721s2000 xx 000 0 ara d
082 1 4 _a323.1195405656/قاس
100 1 _aالقاسمي، نورة محمد
_eمؤلف
245 1 0 _aالوجود الهندي في الخليج العربي 1820 - 1947 /
264 1 _aالشارقة :
_bدائرة الثقافة و الإعلام،
_c2000.
300 _a403ص.
650 1 7 _aالخليج العربي
650 1 7 _aالاقليات
650 1 7 _aالهنود
942 _2ddc
_cBK
999 _c108416
_d108416